000
00304nam a2200121Ia 4500
008
190216s9999||||xx |||||||||||||| ||und||
100
_a
Carolyn Jorgensen
245
0
_a
Mastering 123
260
_b
Bpb Publications
_c
1986
300
_a
466p
650
_a
"Computer Programming. Programs, Data"
942
_c
BK
999
_c
8560
_d
8560